Industry lowers its expectations (Record no. 72119)

MARC details
000 -LEADER
fixed length control field 01017cam a2200205 4500
001 - CONTROL NUMBER
control field WB3907-05
008 - FIXED-LENGTH DATA ELEMENTS--GENERAL INFORMATION
fixed length control field 030217n2003 000 0 eng u
035 ## - SYSTEM CONTROL NUMBER
System control number (Sirsi) u121358
245 ## - TITLE STATEMENT
Title Industry lowers its expectations
260 ## - PUBLICATION, DISTRIBUTION, ETC.
Date of publication, distribution, etc. 2003
490 ## - SERIES STATEMENT
Series statement Estates Gazette
Volume/sequential designation (0307) 15 February 2003, 43(1)
520 ## - SUMMARY, ETC.
Summary, etc. The latest Investment Property Forum/Estates Gazette quarterly survey of independent forecasts predicts that property returns will only reach 6% in 2003 and that rents will be down 2% on last year. Predictions for 2004 are more optimistic with total returns of 7.9%. Graphs and table giving rental growth, capital growth and total return. Survey available at www.ipf.org.uk/web/research/ReportFebruary2003.pdf
590 ## - LOCAL NOTE (RLIN)
Local note WB
650 ## - SUBJECT ADDED ENTRY--TOPICAL TERM
Topical term or geographic name entry element ABOUT RICS-RELATED ORGANISATIONS-INVESTMENT PROPERTY FORUM
650 ## - SUBJECT ADDED ENTRY--TOPICAL TERM
Topical term or geographic name entry element PROPERTY RETURNS
650 ## - SUBJECT ADDED ENTRY--TOPICAL TERM
Topical term or geographic name entry element FORECAST
650 ## - SUBJECT ADDED ENTRY--TOPICAL TERM
Topical term or geographic name entry element PROPERTY INVESTMENT
690 ## - LOCAL SUBJECT ADDED ENTRY--TOPICAL TERM (OCLC, RLIN)
Topical term or geographic name as entry element PROPERTY-COMMERCIAL PROPERTY-COMMERCIAL PROPERTY FINANCE AND INVESTMENT
942 ## - ADDED ENTRY ELEMENTS (KOHA)
Suppress in OPAC 0
Holdings
Withdrawn status Lost status Source of classification or shelving scheme Damaged status Not for loan Home library Current library Shelving location Date acquired Total Checkouts Full call number Barcode Date last seen Copy number Price effective from Koha item type
    Dewey Decimal Classification     London London News article 17/02/2003   WB3907-05 121358-1001 06/08/2019 1 06/08/2019 News article